000 00286nam a22001337a 4500
008 170215b xxu||||| |||| 00| 0 eng d
020 _a9781609787608
041 _aeng
080 _22ND
_a61
100 _a4
101 _aSHM
245 _aUSMLE STEP 2 CK
_cFISCHER, C
942 _2udc
_cBK
999 _c5569
_d5569